000 01573nam0a2200313 4500
001 RU\NLR\BIBL_A\022585763
005 20251013143716.0
010 _a978-5-8209-2561-0
_9520
021 _aRU
_bКН-П-25-030796
_9КН-П-25-3045
035 _a(NLR Aleph) 022585763
090 _a13538516
_c13538516
100 _a20250716d2024 k y0rusy50 ca
101 0 _arus
102 _aRU
105 _aa z 000yy
181 0 _ai3
_baxxe
182 0 _an
200 1 _aНаправления укрепления внешнеэкономических отношений стран в интеграционных группировках
_eмонография
_fТ.С. Малахова
_gМинистерство науки и высшего образования Российской Федерации, Кубанский государственный университет
203 _aТекст
_bвизуальный
_cнепосредственный
210 _aКраснодар
_cКубанский государственный университет
_d2024
215 _a221
_cил.
_d21
320 _aБиблиогр. в подстроч. примеч.
606 1 _aИнтеграция (экон.)
_91027186
_3RU\NLR\AUTH\66393331
686 1 _aУ580.3
700 1 _aМалахова
_bТ. С.
_cканд. экон. наук, мировая экономика
_gТатьяна Сергеевна
_9155499
_3RU\NLR\AUTH\770155538
942 _cBOOK
980 _aNB